01111naa a2200229 a 450000100080000000500110000800800410001910000170006024500460007726000090012352005340013265000150066665000190068165000100070065000210071065300130073170000200074470000180076470000180078270000170080077300640081715187961999-03-22 1986 bl uuuu u00u1 u #d1 aBRIDI, A. A. aIvermectin contra sarna psoroptica ovina. c1986 aCom o objetivo de avaliar a eficacia de ivermectin administrado por via subcutanea contra sarna psoroptica, 60 ovelhas experimentalmente infestadas foram distribuidas, com base na contagem de acaros, entre os seguintes tratamentos: testemunha nao tratado, ivermectin a 200mcg/Kg duas vezes com 7, 12 ou 18 dias de intervalo e Ivermectin a 300mcg/Kg duas vezes com 7 dias de intervalo. Duas injecoes a 200mcg/Kg, com intervalo de 7 ou 12 dias ou a 300mcg/Kg, com intervalo de 7 dias foram eficazes, matando por completo os acaros. aivermectin aPsoroptes ovis aOvino aSarna Psoroptica aControle1 aCARVALHO, L. A.1 aAMARAL, N. K.1 aCRAMER, L. G.1 aGROSS, S. J. tA Hora Veterinaria, Porto Alegregv.5, n.30, p.39-43, 1986.